000 00543nam a2200193Ia 4500
003 OSt
005 20250828142412.0
008 210210b1993 xxu||||| |||| 00| 0 eng d
040 _cAL
041 _aKannada
082 _aK894.1 KONH
100 _aKONCHADI SITARAMA BHATTA .
_971231
_dಕೊಂಚಾಡಿ ಸೀತಾರಾಮ ಭಟ್ಟ
245 _aHombelaku
_bಹೊಂಬೆಳಕು
260 _aMangaluru
_bPadmanabha Prakashana
_c1993
300 _a52
690 _aKannada Poetry
_971232
906 _a047375
942 _2ddc
_cBK
999 _c96524
_d96524